| 000 | 00777nam a22001577a 4500 | ||
|---|---|---|---|
| 003 | OSt | ||
| 005 | 20150928160658.0 | ||
| 008 | 150928b xxu||||| |||| 00| 0 eng d | ||
| 040 | _cRUA | ||
| 082 | _aAGR.BB PHO 2010 B060 Or.1 | ||
| 100 |
_91502 _aPHONG, SOPHEA. |
||
| 245 | _aEfeect of different hill spacing on yield of rice variety senpidour inanlogvil commune, sanker district, battambang province, ឥទ្ធិពលចន្លោះគុម្ពផ្សេងៗគ្នា ទៅលើទិន្នផលពូជស្រូវសែនពិដោរនៅឃុំអន្លង់វិល ស្រុកសង្កែ ខេត្តបាត់ដំបង. | ||
| 260 |
_aphnom phen _bRUA _c20-10 |
||
| 300 |
_aIX, 59p. _bill. _c29cm. |
||
| 942 |
_2ddc _cAGRBB |
||
| 999 |
_c1412 _d1412 |
||